Statistics for Religious Landmarks By Clue

Click here to take the quiz!

General Stats

  • This quiz has been taken 479 times
  • The average score is 7 of 18

Answer Stats

ClueLandmark% Correct
Ring of rocks in EnglandStonehenge
88%
Most sacred river in IndiaGanges River
83%
Cathedral in Vatican CitySt. Peter's Basilica
77%
12 Century temple in CambodiaAngkor Wat
70%
2nd holiest city in Saudi ArabiaMedina
69%
Overlooks RioChrist the Redeemer
61%
Black box in MeccaKaaba
49%
Istanbul's church turned mosque turned museumHagia Sophia
48%
Where Jesus walked on waterSea of Galilee
42%
Largest Mormon ChurchSalt Lake Temple
37%
French town with healing watersLourdes
31%
The Wailing WallWestern Wall
20%
Sihk's Guru Granth Sahib is kept here.The Golden Temple
15%
Where Abraham bound IsaacTemple Mount
9%
Hill where David's Tomb is in JerusalemMount Zion
8%
Where Buddha obtained EnlightenmentMahabodhi Temple
6%
Where Abraham was buriedCave of the Patriarchs
3%
Site where Jesus was crucifiedChurch of the Holy Sepulchre
2%

Score Distribution

Percentile by Number Answered

Percent of People with Each Score

Your Score History

You have not taken this quiz